Effectif OGC Nice saison 2024/2025 - Statistiques

Statistiques générales
  • Ce quiz a été pris 1 149 fois
    203 depuis la dernière actualisation
  • Le résultat moyen est 18 sur 29
Statistiques - réponses
Hint Réponse % Correct
D Bonfim Dante
95%
G Marcin Bulka
92%
D Melvin Bard
91%
A Gaëtan Laborde
86%
Coach Franck Haise
85%
D Jonathan Clauss
83%
A Evann Guessand
78%
M Morgan Sanson
75%
A Terem Moffi
74%
M Hicham Boudaoui
69%
M Pablo Rosario
68%
A Sofiane Diop
68%
A Jérémie Boga
66%
D Moïse Bombito
64%
M Tanguy Ndombele
61%
A Mohamed-Ali Cho
60%
D Antoine Mendy
58%
G Maxime Dupé
58%
M Youssouf Ndayishimiye
58%
M Badredine Bouanani
53%
A Youssoufa Moukoko
53%
D Ali Abdi
51%
G Teddy Boulhendi
50%
D Tom Louchet
50%
D Mohamed Abdelmonem
46%
A Victor Orakpo
34%
D Amidou Doumbouya
23%
M Rareș Ilie
17%
M Billal Brahimi
16%
Aucun quiz correspondant
Distribution des résultats
% des personnes avec chaque résultat
Percentile par nombre de réponses
Votre historique - résultats
Vous n’avez pas pris ce quiz depuis la dernière actualisation